000
00296nam a2200121Ia 4500
008
230907s9999||||xx |||||||||||||| ||und||
082
_a
620.5
_b
VOL
100
_a
Vollath, Dieter.
_9
115325
245
0
_a
Nanomaterials:
260
_a
Wiley-VCH
_b
Germany
_c
2013
300
_a
X, 373 p.:
942
_c
BK
999
_c
598104
_d
598104